Privatizace a neúplné kontrakty
Problém privatizácie nie je v tom, či privatizovať, ale aký spôsob privatizácie je najvhodnejší. Teoretické základy privatizácie - teória neúplných kontraktov. Prehľad doterajších prístupov k nákladom a výnosom privatizácie, ktoré sú založené na teórii neúplných kontraktov. Problém najvhodnejšieho s...
Salvato in:
| Autore principale: | |
|---|---|
| Natura: | Capitolo di libro |
| Lingua: | ceco |
| Soggetti: | |
| Tags: |
Nessun Tag, puoi essere il primo ad aggiungerne!!
|
MARC
| LEADER | 00000naa a2200000 4500 | ||
|---|---|---|---|
| 001 | r033562 | ||
| 005 | 20230929092252.9 | ||
| 041 | 0 | |a cze | |
| 044 | |a CZ | ||
| 245 | 1 | 0 | |a Privatizace a neúplné kontrakty |c Marek Kapička |
| 520 | |a Problém privatizácie nie je v tom, či privatizovať, ale aký spôsob privatizácie je najvhodnejší. Teoretické základy privatizácie - teória neúplných kontraktov. Prehľad doterajších prístupov k nákladom a výnosom privatizácie, ktoré sú založené na teórii neúplných kontraktov. Problém najvhodnejšieho spôsobu (optimálnej metódy) privatizácie. Pokračovanie v č. 12/98. | ||
| 610 | 2 | 0 | |a privatizácia |
| 610 | 2 | 0 | |a kontrakty |
| 610 | 2 | 0 | |a teórie ekonomické |
| 610 | 2 | 0 | |a náklady |
| 610 | 2 | 0 | |a výnosy |
| 610 | 2 | 0 | |a modely |
| 610 | 2 | 0 | |a ekonómia politická |
| 100 | 1 | |a Kapička, Marek | |